[Event "Challenge"]
[Site "http://www.queenalice.com/game.php?id=1842716"]
[Date "2024.8.29"]
[Round "-"]
[White "Piondanslevent"]
[Black "bonfim"]
[Result "1-0"]
[WhiteElo "1602"]
[BlackElo "1680"]

1. d4 d5 2. g3 Nc6 3. c3 h6 4. Bg2 Nf6 5. Nf3 e6 6. b4 a6 7. a4 Ne4 8. Bb2 Bd6
9. O-O O-O 10. e3 b6 11. b5 axb5 12. axb5 Rxa1 13. Bxa1 Na5 14. Nfd2 Nxd2 15.
Nxd2 Bd7 16. Qb1 Nc4 17. Nxc4 dxc4 18. d5 e5 19. f3 Bc5 20. Re1 Qa8 21. Qe4 Bxb5
22. g4 Bd6 23. Rb1 Qa5 24. Qc2 Ba4 25. Qf5 Qxd5 26. e4 Qd3 27. Re1 Bc5+ 28. Kh1
Bf2 29. Bf1 Qc2 30. Re2 Qd1 31. Rxf2 Qxa1 32. Qxe5 Qe1 33. Kg2 c6 34. f4 c5 35.
Bxc4 Bd7 36. f5 Bc6 37. Re2 Qh4 38. Qf4 b5 39. Bd5 Bd7 40. e5 Qe7 41. h3 Qd8 42.
Kg3 Bxf5 43. Be4 Bxe4 44. Qxe4 Qb8 45. Kf2 Re8 46. Qd5 Qc7 47. Kf3 Kh7 48. h4
Re6 49. Qe4+ Kg8 50. h5 Qa5 51. Qd3 Qa8+ 52. Kf2 Qa4 53. Kg3 c4 54. Qd4 Qb3 55.
Re3 Qc2 56. Kf3 b4 57. cxb4 f6 58. b5 Qb1 59. Qxc4 Kh7 60. Qxe6 Qxb5 61. exf6
Qb7+ 62. Kf4 Qb8+ 63. Kf3 Qf8 64. f7 Qa8+ 65. Qe4+ Qxe4+ 66. Rxe4 g6 67. f8=Q
1-0

[Event "Challenge"]
[Site "http://www.queenalice.com/game.php?id=1844928"]
[Date "2024.10.8"]
[Round "-"]
[White "bonfim"]
[Black "Piondanslevent"]
[Result "0-1"]
[WhiteElo "1661"]
[BlackElo "1645"]

1. e4 c5 2. c4 a6 3. Nf3 d6 4. h3 e5 5. Nc3 Nf6 6. d3 Nc6 7. a3 Be7 8. Be2 O-O
9. Be3 b6 10. Qa4 Bb7 11. b4 Nd7 12. O-O Bf6 13. bxc5 Nxc5 14. Qc2 a5 15. Nd5 a4
16. Qb2 Ra6 17. Bxc5 dxc5 18. Nxf6+ Qxf6 19. Rab1 Ne7 20. Nxe5 Rd8 21. Bh5 Nc6
22. Nf3 Nd4 23. Nxd4 Rxd4 24. Be2 Bc8 25. Qc1 Bd7 26. Qe3 Qg6 27. Qg3 Qd6 28.
Qxd6 Rxd6 29. Rbd1 Ra8 30. e5 Re6 31. Bg4 Re7 32. Bxd7 Rxd7 33. Rfe1 Rad8 34.
Re4 Rxd3 35. Ra1 g6 36. e6 R3d4 37. e7 Re8 38. Rc1 Rxe4 0-1